Hunter x Hunter - Devine le personnage grâce a l'objet - Statistiques

Statistiques générales
  • Ce quiz a été pris 676 fois
  • Le résultat moyen est 12 sur 25
Statistiques - réponses
Par images Réponse % Correct
Gon Freecs
100%
Kirua Zoldyck
97%
Kurapika
96%
Leolio
87%
Hisoka
84%
Meruem
77%
Kuroro Lucifer
76%
Kaito
60%
Shizuku
47%
Komugi
41%
Morau
41%
Neferupito
36%
Razor
36%
Tompa
35%
Irumi Zoldyck
33%
Gotô
32%
Nobunaga
32%
Pâmu
32%
Biscuit Krueger
30%
Karuto Zoldyck
27%
Néon Nostrade
25%
Sharnalk
23%
Senritsu
18%
Zushi
16%
Shauapufu
10%
Aucun quiz correspondant
Distribution des résultats
% des personnes avec chaque résultat
Percentile par nombre de réponses
Votre historique - résultats
Vous n’avez pas pris ce quiz